GUIDE TO COMPOSITION (Record no. 569898)

000 -LEADER
fixed length control field 00257nam a22001097a 4500
082 ## - DEWEY DECIMAL CLASSIFICATION NUMBER
Classification number 808 HOO'G
100 ## - MAIN ENTRY--PERSONAL NAME
Personal name EKSTRAND, W. F,HOOK, J. N
9 (RLIN) 60067
245 ## - TITLE STATEMENT
Title GUIDE TO COMPOSITION
260 ## - PUBLICATION, DISTRIBUTION, ETC.
Place of publication, distribution, etc. NEWYORK
Name of publisher, distributor, etc. J. B. LIPPINCOTT
Date of publication, distribution, etc. 1953
300 ## - PHYSICAL DESCRIPTION
Extent 495P
942 ## - ADDED ENTRY ELEMENTS (KOHA)
Koha item type Book
Holdings
Withdrawn status Lost status Source of classification or shelving scheme Damaged status Not for loan Permanent Location Current Location Shelving location Date acquired Shelving control number Full call number Barcode Date last seen Price effective from Koha item type Public note Total Checkouts
          College of Electrical & Mechanical Engineering (CEME) College of Electrical & Mechanical Engineering (CEME) Fiction 07/19/2017 English Literature 808 HOO'G CEME-747 06/28/2021 06/28/2021 Book CART-4  
          College of Electrical & Mechanical Engineering (CEME) College of Electrical & Mechanical Engineering (CEME) Fiction 01/22/2026 English Literature 808 HOO'G ceme-748 01/22/2026 01/22/2026 Book CART  
© 2023 Central Library, National University of Sciences and Technology. All Rights Reserved.